LEADER 01874nam 2200421z- 450 001 9910404062003321 005 20251202205627.0 035 $a(CKB)4100000011302434 035 $a(oapen)https://directory.doabooks.org/handle/20.500.12854/55657 035 $a(oapen)doab55657 035 $a(EXLCZ)994100000011302434 100 $a20202102d2003 |y 0 101 0 $aspa 135 $aurmn|---annan 181 $ctxt$2rdacontent 182 $cc$2rdamedia 183 $acr$2rdacarrier 200 00$aParentesco y reproduccio?n asistida: cuerpo, persona y relaciones 210 $cPublicacions i Edicions de la Universitat de Barcelona$d2003 215 $a1 online resource (122 p.) 225 1 $aCol·lecció Estudis d'Antropologia Social i Cultural 311 08$a84-475-2926-6 330 $aEn este libro se recogen los resultados de un trabajo de campo realizado, entre 1998-2001, en dos centros hospitalarios de Barcelona. Las relaciones de parentesco se han utilizado como la matriz para pensar otro tipo de relaciones: relaciones sociales, entre representaciones del cuerpo y de la persona, entre agencia, normas e instituciones.En este sentido, el intere?s de este trabajo, es el de una aproximacio?n a la reproduccio?n asistida como un "hecho social total" 517 $aParentesco y reproducción asistida 517 $aParentesco y reproducción asistida 606 $aAnthropology$2bicssc 610 $aAntropologia social 610 $aParentiu 610 $aReproduccio? humana assistida 615 7$aAnthropology 700 $aBestard-Camps$b Joan$4auth$0731912 702 $aOrobitg$b Gemma$4auth 702 $aRibot$b Júlia$4auth 702 $aSalazar$b Carles$4auth 906 $aBOOK 912 $a9910404062003321 996 $aParentesco y reproduccio?n asistida: cuerpo, persona y relaciones$94461731 997 $aUNINA